Fire Emblem: Three Houses Playable Characters - Statistics

General Stats
  • This quiz has been taken 33 times
  • The average score is 37 of 41
Answer Stats
Character House % Correct
Ashe Blue Lions
100%
Bernadetta Black Eagles
100%
Catherine Church of Seiros
100%
Claude Golden Deer
100%
Dedue Blue Lions
100%
Dimitri Blue Lions
100%
Dorothea Black Eagles
100%
Edelgard Black Eagles
100%
Ferdinand Black Eagles
100%
Hilda Golden Deer
100%
Hubert Black Eagles
100%
Linhardt Black Eagles
100%
Mercedes Blue Lions
100%
Sylvain Blue Lions
100%
Annette Blue Lions
97%
Byleth None
97%
Caspar Black Eagles
97%
Felix Blue Lions
97%
Ignatz Golden Deer
97%
Leonie Golden Deer
97%
Lysithea Golden Deer
97%
Raphael Golden Deer
97%
Shamir Church of Seiros
97%
Constance Ashen Wolves
93%
Ingrid Blue Lions
93%
Lorenz Golden Deer
93%
Petra Black Eagles
93%
Yuri Ashen Wolves
93%
Balthus Ashen Wolves
90%
Flayn Church of Seiros
90%
Hapi Ashen Wolves
90%
Seteth Church of Seiros
90%
Gilbert Church of Seiros
86%
Manuela Church of Seiros
86%
Marianne Golden Deer
86%
Hanneman Church of Seiros
83%
Jeritza Church of Seiros
79%
Alois Church of Seiros
76%
Anna Church of Seiros
59%
Aelfric Church of Seiros
24%
Clyril Church of Seiros
0%
No matching quizzes found
Score Distribution
Percent of People with Each Score
Percentile by Number Answered
Your Score History
You have not taken this quiz